000
00291nam a2200109 4500
008
160624b xxu||||| |||| 00| 0 eng d
100
_9
990
_a
Dixon, F.W
245
_a
Haddy Boys: The Stone Idol
260
_a
N.Y
_b
Wanderer Books
_c
1981
300
_a
Haddy Boys: The Stone Idol
942
_2
ddc
_c
BK
999
_c
788
_d
788